| 000 | 00489nam a2200205Ia 4500 | ||
|---|---|---|---|
| 003 | OSt | ||
| 005 | 20140312150725.0 | ||
| 008 | 140130s9999 xx 000 0 und d | ||
| 020 | _a0590433660 | ||
| 050 |
_aQL 768 _b.D67 1991 |
||
| 100 | _aDorros, Arthur | ||
| 245 |
_aAnimal tracks / _cArthur Dorros. |
||
| 260 |
_bScholastic, _c1991. _aNew York : |
||
| 300 |
_a40 p. : _bcol. ill. ; _c19 cm. |
||
| 440 | _v1 | ||
| 521 | _aG3 | ||
| 526 | _c540 | ||
| 942 |
_cBK _2lcc |
||
| 999 |
_c40608 _d40608 |
||